| 000 | 00812cam a22002771 4500 | ||
|---|---|---|---|
| 001 | sa 65006243 | ||
| 003 | DLC | ||
| 005 | 20260227112141.0 | ||
| 008 | 890511s1965 ii b 000 0 hino | ||
| 010 | _asa 65006243 | ||
| 035 | _a(OCoLC)19694634 | ||
| 040 |
_aDLC _cWaU _dDLC |
||
| 041 | 0 | _ahinsan | |
| 042 | _apremarc | ||
| 050 | 0 | 0 |
_aPK513 _b.B4 1965 |
| 100 | 0 | _aBhaṭṭojī Dīkṣita. | |
| 245 | 1 | 0 | _aKāraka-dīpikā. |
| 260 | _c[1965] | ||
| 300 |
_a8, 221 p. _c23 cm. |
||
| 500 | _aHindi or Sanskrit. | ||
| 500 | _aThe Siddhānta-kaumudī by Bhaṭṭojī Dīkṣita is a commentary on Pāṇini's Aṣṭādhyāyī. | ||
| 504 | _aBibliographical footnotes. | ||
| 650 | 0 |
_aSanskrit language _xGrammar. |
|
| 700 | 0 |
_aPāṇini. _tAṣṭādhyāyī. |
|
| 700 | 1 |
_aPant, Mohan Vallabh, _d1905- |
|
| 999 |
_c64568 _d64568 |
||